失敗是一種資格,獎賞你上過擂台

資料類型: Book 圖書   書目號:48237

Leader xxxxxxxxxx
001 __ PCLIS00048237
005 __ 20140210174553.0008
010 0_ |a9789866473722|b平裝|dNT$299
042 __ |anbic
100 __ |a20140128d2013    m  y0chiy50      e
101 0_ |achi
102 __ |atw
105 __ |aa   z   000cy
200 1_ |a失敗是一種資格,獎賞你上過擂台|e|f九把刀(Giddens)著
205 __ |a初版
210 __ |a臺北市|c蓋亞文化出版|a新北市新店區|c聯合發行總經銷|d2013[民102]
215 0_ |a340面|c彩圖|d20公分
225 2_ |a九把刀非小說|v7
300 __ |a
517 1_ |a失敗是一種資格獎賞你上過擂台|zchi
517 1_ |a失敗是1種資格,獎賞你上過擂臺|zchi
681 __ |a855|b4051|v2007年版
700 _0 |a九把刀|b|c(Giddens)|4702 __ |a|b|4
801 _2 |atw|bNLPI|c20140128|gCCR
詳細館藏(共 1 筆)
索 書 號登 錄 號冊次號館別 / 館藏地流通類型狀態加入預約清單電子資源
855 / 8656 2019840  圖書館 / 一樓普通區 可外借30天 在館   

| 條列資料




目錄查詢 分類查詢 個人資料 圖書薦購 新書查詢 閉館日 排行榜 更多電子資源 Hami書城 線上資料庫 登出

From : 216.73.216.116

  本日流通累計至 00:57:39 借閱 : 0 次 續借 : 0 次 歸還 : 0 次 預約 : 0 次 電子資源 : 0 次


內湖高中圖書館  PCLIS 版本  25.5.0.2